00579 2200229 4500001002100000005001500021035002000036007000300056008004100059020002200100082001000122084001600132100001800148245005300166250001000219260002800229300002300257650003000280700001700310990001100327990001100338INLIS00000000000395220190820095534 a0010-0819000095ta190820 g 1 ind  a978-602-19829-0-7 a985.7 a985.7 KAR s0 aKARUMI, Iyagi1 aSaranghaeyo /cKarumi Iyagi; editor, Shin Je Woo acet.1 aJakarta :bZettu,c2015 a200 hlm. ;c19 cm. 4aNOVEL. KESUSASTRAAN KOREA0 aSHIN, Je Woo a5516 a a5516 b